02625nam a2200397 a 4500001001300000003000900013005001700022008004100039020001000080082001500090100002800105245002400133260003500157300001000192500003500202505002500237505056200262650002300824700002500847700001700872902000800889942000700897952012800904952010401032952010401136952010401240952010401344952011601448952011601564952011601680952010401796952010401900952010402004952010402108999001502212nice12345678IN_TiNIC20260116011531.0050524s1952 newa grp 000 0 eng  ac10000a220.7bBUT aButtrick, George Arthur aInterpreter`s Bible aNew YorkbAbingdon Pressc1952 a1099p aincludes index and biblioraphy2 aIndexes to the notes2 aIndexes to the notes00gV1.tInterpreter`s Bible, General Articles on the Bible.--gV2.tLeviticus, Numbers, Deuteronomy, Joshua Judges, Ru.--gV3.tKings, Chronicles, Ezra, Nehemiah, Esther, Job.--gV4.tPsalms: Proverbs.--gV5.tEcclesiastes, Song of Songs, Isaiah, Jeremiah.--gV6.tLamentations, Ezekiel, Twelve Prophets.--gV7.tGeneral Articles on the N.T. Mathew, Mark.--gV8.tLuke, John.--gV9.tActs, Roman.--gV 10.tCorinthians, Galatians, Ephesians.--gV 11.tPhilippians, Golossians, Thessalonians, Pastoral e.--gV 12.tJames, Peter, John, Ju aBible-Commentaries1 aWalter Russell Bowie1 aPaul Scherer bRHR cBK 001040708REFaHMIbHMIcREFd2015-12-18g100.00l2o220.7 BUTp3280q2026-02-24r2026-02-10s2026-02-10w2026-01-16yBK 001040708REFaHMIbHMIcREFd2015-12-18g100.00l0o220.7 BUTp3281r0000-00-00w2026-01-16yBK 001040708REFaHMIbHMIcREFd2015-12-18g100.00l0o220.7 BUTp3282r0000-00-00w2026-01-16yBK 001040708REFaHMIbHMIcREFd2015-12-18g100.00l0o220.7 BUTp3283r0000-00-00w2026-01-16yBK 001040708REFaHMIbHMIcREFd2015-12-18g100.00l0o220.7 BUTp3284r0000-00-00w2026-01-16yBK 001040708REFaHMIbHMIcREFd2015-12-18g100.00l1o220.7 BUTp3285r2019-03-28s2019-03-26w2026-01-16yBK 001040708REFaHMIbHMIcREFd2015-12-18g100.00l1o220.7 BUTp3286r2019-03-28s2019-03-26w2026-01-16yBK 001040708REFaHMIbHMIcREFd2015-12-18g100.00l1o220.7 BUTp3287r2019-03-28s2019-03-26w2026-01-16yBK 001040708REFaHMIbHMIcREFd2015-12-18g100.00l0o220.7 BUTp3288r0000-00-00w2026-01-16yBK 001040708REFaHMIbHMIcREFd2015-12-18g100.00l0o220.7 BUTp3289r0000-00-00w2026-01-16yBK 001040708REFaHMIbHMIcREFd2015-12-18g100.00l0o220.7 BUTp3290r2023-08-11w2026-01-16yBK 001040708REFaHMIbHMIcREFd2015-12-18g100.00l0o220.7 BUTp3291r0000-00-00w2026-01-16yBK c2401d2401